The syndicate

Bibliographic Details
Main Author: Kumara Velu
Format: Book
Published: P.Jaya : Pustaka Siswa Moden , 1995
Series:The Young Mystery series
Subjects:

MARC

LEADER 00000cam a2200000 7i4500
001 0000006166
002 000006657
005 20080401.0
020 |a 9839810499 
090 0 0 |a JF   |b KUM 
100 0 |a Kumara Velu 
245 1 4 |a The syndicate   |c Kumara Velu 
260 |a P.Jaya :   |b Pustaka Siswa Moden ,   |c 1995 
300 |a 38p. :   |b ill ;   |c 20cm. 
490 0 |a The Young Mystery series 
650 0 0 |a Children's stories 
999 |a 038491   |b BUKU   |c PINJAMAN   |e PERPUSTAKAAN KOMUNITI PETALING JAYA